Tampa Bay Rays: Home Run Leader Every Year - Statistics

General Stats
  • This quiz has been taken 194 times
    81 since last reset
  • The average score is 12 of 26
Answer Stats
Year Player Home Runs % Correct
2011 Evan Longoria 31
92%
2013 Evan Longoria 32
92%
2014 Evan Longoria 22
92%
2015 Evan Longoria 21
92%
2016 Evan Longoria 36
92%
2007 Carlos Peña 46
68%
2008 Carlos Peña 31
68%
2009 Carlos Peña 39
68%
2010 Carlos Peña 28
68%
2022 Randy Arozarena / Isaac Paredes 20
68%
2020 Brandon Lowe 14
55%
2021 Brandon Lowe 39
55%
2023 Isaac Paredes 31
52%
1998 Fred McGriff 19
47%
2012 Melvin Upton, Jr. 28
40%
1999 Jose Canseco 34
32%
2002 Aubrey Huff 23
24%
2003 Aubrey Huff 34
24%
2004 Aubrey Huff 29
24%
2019 Austin Meadows 33
23%
2017 Logan Morrison 38
16%
2018 C.J. Cron 30
11%
2000 Greg Vaughn 28
11%
2001 Greg Vaughn 24
11%
2005 Jorge Cantu 28
10%
2006 Ty Wigginton 24
5%
No matching quizzes found
Score Distribution
Percent of People with Each Score
Percentile by Number Answered
Your Score History
You have not taken this quiz since the last reset